000 01492nam a22004097a 4500
003 CHAP
005 20220329143159.0
008 061114d2006 mx r 00110 spa d
010 _a92998
011 _a93970
035 _a104553
040 _cCHAP
090 _aTesis
100 1 _aHernández Juárez, Evelio.
_954199
245 1 0 _aAnálisis de la dinámica curricular en tres carreras de la UACH, mediante cadenas de Markov.
_c/por Evelio Hernández Júarez
260 _aChapingo, Méx. :
_bEl autor,
_c2006.
300 _a71 h. :
_bcuadros.
502 _aTesis (Lic. en Estadística) - - UACH. División de Ciencias Forestales
590 _aALEPH
_b10
_c20130110
_lUCH01
_h1514
590 _aBATCH-UPD
_b10
_c20130110
_lUCH01
_h0550
590 _aBATCH-UPD
_b10
_c20130410
_lUCH01
_h0231
590 _aBATCH-UPD
_b10
_c20130410
_lUCH01
_h1623
590 _aBATCH-UPD
_b10
_c20130914
_lUCH01
_h1204
590 _aCONVERSION
_b10
_c20130109
_lUCH01
_h1351
650 1 4 _aDinámica de grupos.
_932629
650 1 4 _aEstadística
_xMetodología.
_938253
650 1 4 _aEstudiantes
_xDistribución en grupos.
_938493
650 1 4 _aEstudio y enseñanza.
_938511
650 1 4 _aEstudio y enseñanza.
_938511
650 1 4 _aPlanes de estudio.
_988732
650 1 4 _aProcesos de Markov.
_991826
901 _aBK
905 _aElisama A. H.
942 _cFOLL
949 _aTesis
_bBC
_cTES
_d33724002004611
_eTS2
_fc.2
_h45866
_i104553
_sb
949 _aTesis
_bBC
_cTES
_d33724002004652
_eTS1
_h45865
_i104553
_sb
999 _c92998
_d92998